000
00281nam a22000977a 4500
008
230726b |||||||| |||| 00| 0 eng d
082
_a
333.95
245
_a
Trainer Manual: Track 3, Course 1-3
_b
School-based prevention intervention and policies
300
_a
95 p.
_c
28 cm
942
_2
ddc
999
_c
9616
_d
9617